000 01427nam a2200349 a 4500
003 DO-SdBNP
005 20221025100752.0
007 ta
008 221024b200? dr ao||gr||||o00| 0 spa d
040 _aDO-SdBNP
_bspa
_cBNPHU
082 4 _222
_bC212r
245 0 0 _aCanadá República Dominicana :
_buna crónica de imágenes = A chronicle of images = Une chronique d´images /
_cFotografía, Domingo Batista, ... [et. al]; Texto, Freddy Ginebra, ...[et. al.]; Traducción, Caroline Blacwell, Yamile Adames
260 _a[Santo Domingo] :
_bEmbajada de Canadá,
_c[2005]
300 _a69 p. ;
_bil. fotogr. ;
_c28 cm.
500 _aIlustración de portada: Cándido Bidó.
590 _aInventariado 2022 / MF
650 4 _950018
_aCanada
_xRelaciones Exteriores
651 _aRepública Dominicana
_yRelaciones Exteriores
_982574
700 1 _956792
_aBatista, Domingo,
_efotograf.
700 1 _aOliver, Julier,
_efotograf.
_q(Ottawa Citizen)
_982583
700 1 _aAvampini, Alejandro,
_efotograf.
_982584
700 1 _aEijsenck, David,
_efotograf.
_982585
700 1 _aDespatis, Luc,
_efotograf.
_982586
700 1 _921605
_aGinebra, Freddy,
_etexto
700 1 _965846
_aGraham, John,
_etexto
700 1 _aBlackwell, Adam,
_etexto
_982587
700 1 _aMcMillan, Greg,
_etexto
_982588
700 1 _aAdames, Yamile
_etexto
_982589
700 1 _aBlackwell, Caroline,
_etrad.
_982590
910 _aMFeliz
942 _2ddc
_cLBS1
999 _c52617
_d52617